O'Neill: el hombre y su obra

Kaydedildi:
Detaylı Bibliyografya
Yazar: Clark, Barrett H (Yazar)
Materyal Türü: Kitap
Dil:İspanyolca
Baskı/Yayın Bilgisi: Buenos Aires Nova 1945
Seri Bilgileri:Colección Los Hombres representativos
Konular:
Etiketler: Etiketle
Etiket eklenmemiş, İlk siz ekleyin!

MARC

LEADER 00000nam a2200000 a 4500
001 UCX8032
003 CL-VaPUC
005 20220921120150.0
008 940120e19450000AG |||||||||||||||||spa|d
999 |c 227664  |d 227662 
040 |c Pontificia Universidad Católica de Valparaíso 
082 0 4 |a 812.09  |b CLA  |2 21 
100 0 |a Clark, Barrett H  |e author  |9 325039 
245 1 0 |a O'Neill: el hombre y su obra 
260 |a Buenos Aires  |b Nova  |c 1945 
300 |a 214 p 
490 0 |a Colección Los Hombres representativos 
583 |a last modification  |c 19940120 00:00:00  |k Rodrigo Vera 
600 |a O'Neill, Eugene,  |d 1888-1953  |x Crítica e interpretación   |9 876873 
942 |c BK  |2 ddc 
945 |d 19940120 00:00:00  |a rbrito 
952 |0 0  |1 0  |4 0  |6 812_090000000000000_CLA_1945  |7 0  |8 A  |9 226827  |a BIBEDU  |b BIBEDU  |d 2019-11-15  |i 2960117  |o 812.09 CLA 1945  |p 2960117  |r 2019-11-15  |w 2019-11-15  |y BK  |k LIT